| 000 | 01033nam a2200277 i 4500 | ||
|---|---|---|---|
| 001 | 000020889 | ||
| 003 | DO-SdBNP | ||
| 005 | 20260526102447.0 | ||
| 007 | ta | ||
| 008 | 100823s1966 dr ac r 000 0 spa d | ||
| 040 |
_aDO-SdBNP _bspa _cBNPHU _drda |
||
| 082 |
_a972.93054 _bB891t _222 |
||
| 100 | 1 |
_aBrugal Alfau, Danilo, _eautor _4aut. _943786 |
|
| 245 | 1 | 0 |
_aTragedia en Santo Domingo : _bdocumentos para la historia / _cDanilo Brugal Alfau ; prólogo, Juan Tomás Mejía Feliú. |
| 264 | 1 |
_aSanto Domingo : _bEditora del Caribe, _c1966. |
|
| 300 |
_a311 páginas : _bilustraciones, retratos ; _c23 cm. |
||
| 336 |
_atexto _btxt _2rdacontent |
||
| 337 |
_asin mediación _bn _2rdamedia |
||
| 338 |
_avolumen _bnc _2rdacarrier |
||
| 590 | _aInventariado, 2018/BT | ||
| 651 | 4 |
_aRepública Dominicana _xHistoria _y1961- _96572 |
|
| 651 | 4 |
_aRepública Dominicana _xPolítica y gobierno _y1961- _9204 |
|
| 700 | 1 |
_aMejía Feliú, Juan Tomás, _eprologuista _4pr. _923984 |
|
| 910 | _aValidado. Control de calidad. MFF | ||
| 942 |
_2ddc _cLBS1 |
||
| 999 |
_c20392 _d20392 |
||